|
|
|
|
| LEADER |
00635cam a2200205 a 4500 |
| 001 |
0000097147 |
| 005 |
20080603090000.0 |
| 040 |
|
|
|a mod
|
| 041 |
|
|
|a eng
|
| 020 |
0 |
0 |
|a 9780273714033
|
| 090 |
0 |
0 |
|a 371.103
|b WYS
|e 2007
|
| 100 |
1 |
0 |
|a Wyse
|h Dominic
|
| 245 |
1 |
0 |
|a How to help your child succeed at school
|c Dominic Wyse
|
| 260 |
0 |
0 |
|a England
|b Pearson Educational Limited
|c 2007
|
| 300 |
0 |
0 |
|a 191 p.
|c 24 cm
|
| 440 |
0 |
0 |
|a The essential guide for every parent
|
| 650 |
0 |
0 |
|a Educationa
|x parent and participation
|
| 650 |
0 |
0 |
|a Home and school
|
| 650 |
0 |
0 |
|a Parent
|x Teacher relationships
|
| 999 |
|
|
|a 0267998
|b 1 DIV
|d BOOKS
|e Umum
|f 1 DIV
|j AVAILABLE
|q GOOD CONDITION
|